| 000 | 00930nam a22002537a 4500 | ||
|---|---|---|---|
| 003 | OSt | ||
| 005 | 20251222095253.0 | ||
| 008 | 251222b |||||||| |||| 00| 0 eng d | ||
| 020 | _a9780230358270 | ||
| 040 | _cDCL | ||
| 041 | _aEnglish | ||
| 082 | _a959.104 | ||
| 100 | 1 |
_aSaha, Jonathan, _d1984- |
|
| 245 | 1 | 0 |
_aLaw, disorder and the colonial state : _bcorruption in Burma c.1900 / _cby Jonathan Saha. |
| 260 |
_aNew York : _bPalgrave macmillan, _c2013. |
||
| 300 |
_ax, 166 pages : _c20 cm. |
||
| 504 | _aIncludes bibliographical references (p. 230-233) and index | ||
| 650 |
_aColonial administrators _zBurma _vHistory _y20th century |
||
| 650 |
_aColonial administrators _zGreat Britain _vHistory _y20th century. |
||
| 650 |
_aCorruption _zMyanmar _vHistory _y 20th century |
||
| 651 |
_aBritish _zBurma _vHistory _y20th century |
||
| 651 |
_aMyanmar _vHistory _y1824-1948 |
||
| 942 |
_2ddc _cSHORT TERM _n0 |
||
| 999 |
_c2778 _d2778 |
||